history of ancient Egypt (Record no. 11282)
[ view plain ]
| 000 -LEADER | |
|---|---|
| fixed length control field | 00397 a2200121 4500 |
| 020 ## - INTERNATIONAL STANDARD BOOK NUMBER | |
| International Standard Book Number | 0631174729 (alk. pap |
| 005 - DATE AND TIME OF LATEST TRANSACTION | |
| control field | 20191017174203.0 |
| 084 ## - OTHER CLASSIFICATION NUMBER | |
| Classification number | DT83 .G7513 1992 |
| 245 ## - TITLE STATEMENT | |
| Title | history of ancient Egypt |
| Medium | |
| 260 ## - PUBLICATION, DISTRIBUTION, ETC. | |
| Place of publication, distribution, etc. | enk |
| Name of publisher, distributor, etc. | Blackwell |
| Date of publication, distribution, etc. | 1992 |
| 300 ## - PHYSICAL DESCRIPTION | |
| Extent | ix, 512 p. : ill., maps |
| Other physical details | 24 cm. |
| Dimensions | ix, 512 p. : ill., maps ; 24 cm. |
| 500 ## - GENERAL NOTE | |
| General note | Nicolas Grimal ; translated by Ian Shaw. |
| 700 ## - ADDED ENTRY--PERSONAL NAME | |
| Personal name | Grimal, Nicolas-Christophe. |
No items available.